Os 9 países mais novos do mundo - Statistics

Estatísticas Gerais
  • Esse quiz foi jogado 140 vezes
  • A pontuação média é 4 de 9
Estatísticas das Respostas
Há quanto tempo Posição País % Correto
15 anos e 6 meses Kosovo
76%
12 anos e 2 meses Sudão do Sul
76%
17 anos e 3 meses Montenegro
68%
16 anos e 3 meses Sérvia
63%
21 anos e 3 meses Timor-Leste
44%
30 anos e 8 meses Eslováquia
33%
30 anos e 8 meses República Tcheca
30%
28 anos e 11 meses Palau
29%
30 anos e 4 meses Eritreia
26%
Nenhum quiz correspondente encontrado
Distribuição das Pontuações
Porcentagem de Pessoas com Cada Pontuação
Percentil de Números Respondidos
Sua Pontuação Histórica
Você não jogou esse quiz